Obálka Náhled e-knihy:
PDF
Pro půjčování e-knih musíte být přihlášeni.
Jak si půjčit online?

Od pohádky k pohádce. Tlapková patrola 5 /

Tři příběhy podle televizního seriálu o partě obětavých štěňat, která zachraňují pobřežní městečko Adventure Bay.

Uloženo v:
Série:Tlapková patrola, část 5
Další autoři: Jiránková, Lucie (Překladatel), Vichrová, Petra (Překladatel)
Médium: E-kniha
Jazyk:Czech
Vydáno: V Praze : Egmont, 2024
Vydání:1. vydání
Edice:Začínáme číst (Egmont)
Paw Patrol (Egmont)
Témata:
Příbuzné jednotky:Z cyklu:: Tlapková patrola
Tagy:
Žádné tagy
LEADER 02750nam a2200589 i 4500
001 312406
003 CZ PrSKC
005 20260601215722.0
007 ta
008 240409s2024 xr a a 000 j cze
015 |a cnb003598977 
020 |a 9788025257524  |q (vázáno) :  |c Kč 229,00 
035 |a (OCoLC)1433648605 
040 |a ABG001  |b cze  |d OLA001  |e rda 
041 1 |a cze  |h eng 
072 7 |a 821-93  |x Literatura pro děti a mládež (beletrie)  |2 Konspekt 
080 |a 821-32  |2 MRF 
080 |a 821-93  |2 MRF 
080 |a (0:82-32)  |2 MRF 
245 0 0 |a Od pohádky k pohádce.  |p Tlapková patrola 5 /  |c z anglického originálu přeložily Lucie Jiránková a Petra Vichrová 
246 3 0 |a Tlapková patrola 5 
250 |a 1. vydání 
264 1 |a V Praze :  |b Egmont,  |c 2024 
300 |a 70 stran :  |b barevné ilustrace ;  |c 24 cm 
336 |a text  |b txt  |2 rdacontent 
336 |a statický obraz  |b sti  |2 rdacontent 
337 |a bez média  |b n  |2 rdamedia 
338 |a svazek  |b nc  |2 rdacarrier 
490 1 |a Začínáme číst 
490 1 |a Paw Patrol 
500 |a Nad názvem uvedeno původní nakladatelství: Nickelodeon 
505 0 0 |t Síla mocných štěňat! --  |t Dobrodružství s dědečkem --  |t Záchrana školního autobusu 
520 2 |a Tři příběhy podle televizního seriálu o partě obětavých štěňat, která zachraňují pobřežní městečko Adventure Bay.  |b V této knížce si můžete přečíst, jak oblíbení hrdinové zachraňovali školní autobus v Adventure Bay, co se stalo, když se v pobřežním městečku objevil obrovský robot, a jaké překvapení tlapky přichystaly pro Alexova dědečka. Nakladatelská anotace. Kráceno. 
521 8 |a Pro děti od 4 let 
655 7 |a příběhy  |7 fd133204  |2 czenas 
655 7 |a publikace pro děti  |7 fd133156  |2 czenas 
655 9 |a stories  |2 eczenas 
655 9 |a children's literature  |2 eczenas 
700 1 |a Jiránková, Lucie  |7 hka2017937529  |4 trl 
700 1 |a Vichrová, Petra  |7 ola20181002403  |4 trl 
730 0 2 |a Mighty pup power.  |l Česky 
730 0 2 |a Adventure with grandpa.  |l Česky 
730 0 2 |a Save the school bus.  |l Česky 
787 0 8 |i Z cyklu:  |t Tlapková patrola  |g 5 
830 0 |a Začínáme číst (Egmont) 
830 0 |a Paw Patrol (Egmont) 
900 |a ABA001  |b 21 
928 9 |a Albatros Media - Egmont 
044 |a xr 
910 |a RBIT002 
998 |d 405955  |a https://core.palmknihy.cz/api/books/405955/cover?si59pu  |b https://core.palmknihy.cz/api/books/405955/cover/400?si59pu  |c https://core.palmknihy.cz/api/books/405955/cover/50?si59pu  |e 2026-06-30  |g 72  |i 9788025257524  |k https://core.palmknihy.cz/api/books/405955/preview.pdf  |l   |q 49  |r 1  |s https://www.palmknihy.cz/kniha/405955  |t ebook  |y 2024  |z 0  |v Tlapková patrola  |w 5 
999 |d 312404